[Event "SK Ochtrup 1 - SC Gronau 2"]
[Site "Verbandsklasse 2021/2022"]
[Date "2021.11.06"]
[Round "2.1"]
[White "Kloenne, Tim"]
[Black "Jacob, Helmut"]
[Result "1/2-1/2"]
[WhiteElo "1817"]
[BlackElo "2001"]
[PlyCount "173"]
[EventDate "2021.??.??"]
[SourceTitle "Verband Muensterland"]
[SourceDate "2021.09.29"]
[SourceVersion "1"]
[SourceVersionDate "2021.09.29"]
[SourceQuality "1"]
[WhiteTeam "SC Gronau 2"]
[BlackTeam "SK Ochtrup 1"]

1. c4 c5 2. g3 g6 3. Bg2 Bg7 4. Nf3 Nc6 5. Nc3 e5 6. d3 Nge7 7. O-O O-O 8. Bd2
d6 9. Qc1 Rb8 10. Bh6 Be6 11. Bxg7 Kxg7 12. Ng5 Bc8 13. a3 a5 14. e3 b6 15.
Nge4 f5 16. Ng5 h6 17. Nh3 Be6 18. Nd5 Qd7 19. f4 b5 20. b3 bxc4 21. bxc4 Rb3
22. Nxe7 Nxe7 23. Nf2 Rfb8 24. Ra2 Qc7 25. e4 Qb6 26. Qe3 Bxc4 27. Rd2 exf4 28.
Qxf4 g5 29. Qf3 Rf8 30. Qe2 Bg8 31. exf5 Nxf5 32. Be4 Nd4 33. Qg4 Qd8 34. h4
Be6 35. Qh5 Qf6 36. Qd1 Nf3+ 37. Bxf3 Qxf3 38. Qxf3 Rxf3 39. Kg2 Bd5 40. Kh2
Rb7 41. Rfd1 gxh4 42. gxh4 Re7 43. a4 Rf4 44. Ne4 Kh7 45. Kg3 Ref7 46. Nxd6
Rf3+ 47. Kh2 R7f4 48. Ne4 Rxh4+ 49. Kg2 Rff4 50. Re1 Rhg4+ 51. Kh3 Rh4+ 52. Kg3
Rhg4+ 53. Kh3 Rg7 54. Ng3 Rf3 55. Rg1 Be6+ 56. Kh2 h5 57. Re2 Bd7 58. Re5 Bg4
59. Rg2 h4 60. Ne4 Kh6 61. Rxc5 Bf5 62. Rxg7 Kxg7 63. Rxa5 Kg6 64. Rd5 Re3 65.
Rd4 Re2+ 66. Kg1 h3 67. a5 h2+ 68. Kh1 Bg4 69. Nf2 Bc8 70. Rf4 Ra2 71. Kxh2
Rxa5 72. Kg3 Ra3 73. Kf3 Ra7 74. Ne4 Bb7 75. Ke3 Kg7 76. Nd6 Bd5 77. Kd4 Bg8
78. Kc5 Rc7+ 79. Kb6 Rc3 80. d4 Bd5 81. Ne4 Rc6+ 82. Kb5 Rc1 83. Nc5 Rb1+ 84.
Ka5 Rd1 85. Kb6 Kg6 86. Kc7 Kg5 87. Rf8 1/2-1/2

[Event "SK Ochtrup 1 - SC Gronau 2"]
[Site "Verbandsklasse 2021/2022"]
[Date "2021.11.06"]
[Round "2.2"]
[White "Schwietering, Ralf"]
[Black "Baer, Klaus"]
[Result "1/2-1/2"]
[WhiteElo "1804"]
[BlackElo "1672"]
[PlyCount "42"]
[EventDate "2021.??.??"]
[SourceTitle "Verband Muensterland"]
[SourceDate "2021.09.29"]
[SourceVersion "1"]
[SourceVersionDate "2021.09.29"]
[SourceQuality "1"]
[WhiteTeam "SK Ochtrup 1"]
[BlackTeam "SC Gronau 2"]

1. e4 c5 2. Nf3 d6 3. c4 Nc6 4. d4 cxd4 5. Nxd4 Nf6 6. Nc3 Bd7 7. Be2 g6 8. O-O
Bg7 9. Be3 O-O 10. f3 Nxd4 11. Bxd4 Bc6 12. Qd2 Qc7 13. Nd5 Bxd5 14. cxd5 a6
15. Rac1 Qd7 16. Rfd1 Rac8 17. b3 Rxc1 18. Rxc1 Rc8 19. Rc4 Rxc4 20. bxc4 Qc7
21. Qb4 Nd7 1/2-1/2

[Event "SK Ochtrup 1 - SC Gronau 2"]
[Site "Verbandsklasse 2021/2022"]
[Date "2021.11.06"]
[Round "2.3"]
[White "Schoewer Lingemann, Thorsten"]
[Black "Boshe Plois, Stefan"]
[Result "1/2-1/2"]
[WhiteElo "1719"]
[BlackElo "1838"]
[PlyCount "170"]
[EventDate "2021.??.??"]
[SourceTitle "Verband Muensterland"]
[SourceDate "2021.09.29"]
[SourceVersion "1"]
[SourceVersionDate "2021.09.29"]
[SourceQuality "1"]
[WhiteTeam "SC Gronau 2"]
[BlackTeam "SK Ochtrup 1"]

1. Nf3 d5 2. c4 e6 3. e3 Nf6 4. d4 c6 5. Nbd2 Nbd7 6. Bd3 dxc4 7. Nxc4 b5 8.
Nce5 c5 9. O-O c4 10. Be2 a6 11. a4 Bb7 12. axb5 axb5 13. Rxa8 Qxa8 14. Nxd7
Nxd7 15. b3 Bd5 16. bxc4 bxc4 17. Qc2 Nb6 18. Bd2 Bd6 19. Qb2 Qc6 20. Ba5 Nd7
21. Rc1 O-O 22. Ne1 Ra8 23. Qc3 Qb5 24. Ra1 Bb4 25. Bxb4 Rxa1 26. Qxa1 Qxb4 27.
Nc2 Qd2 28. Qd1 c3 29. f3 Qxd1+ 30. Bxd1 Bc4 31. Na3 Ba6 32. Nb1 Nb6 33. Nxc3
f5 34. Bb3 Kf7 35. Kf2 Nc4 36. Na4 Kf6 37. Nc5 Bb5 38. e4 fxe4 39. fxe4 Nd2 40.
Ba2 Bc4 41. Bxc4 Nxc4 42. Ke2 e5 43. d5 Ke7 44. Ne6 g6 45. Ng5 h6 46. Nf3 Kf6
47. Nd2 Nd6 48. g3 Ke7 49. Kd3 Kf6 50. h3 h5 51. h4 g5 52. hxg5+ Kxg5 53. Nc4
Nf7 54. Ke3 h4 55. gxh4+ Kxh4 56. Nb6 Kg5 57. Nd7 Kg4 58. Nc5 Kg5 59. Nb7 Kf6
60. Kd3 Ke7 61. Nc5 Kd6 62. Ne6 Ke7 63. Ng7 Ng5 64. Nh5 Kd6 65. Ng3 Ke7 66. Kc3
Kd7 67. Kb4 Kd6 68. Kc4 Kd7 69. Kc5 Nf7 70. Nf1 Kc7 71. Nd2 Nd6 72. Kb4 Kd7 73.
Ka5 Nb7+ 74. Kb6 Nd6 75. Kc5 Kc7 76. Kb4 Kd7 77. Kc3 Ke7 78. Kd3 Kf6 79. Nb1
Ke7 80. Nc3 Kf6 81. Ke3 Kg5 82. Kf3 Kh4 83. Nd1 Kg5 84. Ne3 Kg6 85. Ng4 Nf7
1/2-1/2

[Event "SK Ochtrup 1 - SC Gronau 2"]
[Site "Verbandsklasse 2021/2022"]
[Date "2021.11.06"]
[Round "2.4"]
[White "Schmerling, Janek"]
[Black "Schlueter, Gerhard"]
[Result "1-0"]
[WhiteElo "1702"]
[BlackElo "1632"]
[PlyCount "47"]
[EventDate "2021.??.??"]
[SourceTitle "Verband Muensterland"]
[SourceDate "2021.09.29"]
[SourceVersion "1"]
[SourceVersionDate "2021.09.29"]
[SourceQuality "1"]
[WhiteTeam "SK Ochtrup 1"]
[BlackTeam "SC Gronau 2"]

1. e4 e5 2. Nf3 Nc6 3. d4 exd4 4. Nxd4 d6 5. Nc3 Nf6 6. Bg5 Be7 7. Bc4 O-O 8.
f4 h6 9. Nxc6 bxc6 10. h4 Be6 11. Bxe6 fxe6 12. Qf3 Qe8 13. O-O-O Qf7 14. g4
Nd7 15. Bxe7 Qxe7 16. Rdf1 Qf7 17. g5 h5 18. f5 Ne5 19. Qe2 Ng4 20. g6 Qd7 21.
Qd3 Rad8 22. Ne2 e5 23. Ng3 Nf6 24. Qe2 1-0

[Event "SK Ochtrup 1 - SC Gronau 2"]
[Site "Verbandsklasse 2021/2022"]
[Date "2021.11.06"]
[Round "2.5"]
[White "Naber, Wolfgang"]
[Black "Holtmannspoetter, Thomas"]
[Result "1-0"]
[WhiteElo "1588"]
[BlackElo "1729"]
[PlyCount "121"]
[EventDate "2021.??.??"]
[SourceTitle "Verband Muensterland"]
[SourceDate "2021.09.29"]
[SourceVersion "1"]
[SourceVersionDate "2021.09.29"]
[SourceQuality "1"]
[WhiteTeam "SC Gronau 2"]
[BlackTeam "SK Ochtrup 1"]

1. e4 c5 2. Nf3 e6 3. d4 cxd4 4. Nxd4 Nf6 5. Nc3 Bb4 6. e5 Nd5 7. Bd2 Nxc3 8.
bxc3 Be7 9. Qg4 g6 10. Bd3 Nc6 11. Nxc6 dxc6 12. O-O Qc7 13. Qe2 Bd7 14. f4
O-O-O 15. Qf2 c5 16. Be4 Bc6 17. Bxc6 Qxc6 18. Rfd1 Rd7 19. Be3 Rhd8 20. Rxd7
Rxd7 21. Qe2 Qe4 22. Kf2 a6 23. Rd1 Rxd1 24. Qxd1 Qc4 25. Qd3 Qxa2 26. c4 Kc7
27. g4 Qa1 28. Kg2 f6 29. exf6 Qxf6 30. Qa3 Qf8 31. Qa5+ Kc8 32. Qd2 Qd8 33.
Qf2 Qc7 34. f5 exf5 35. gxf5 Qc6+ 36. Kg1 Kb8 37. Qg3+ Ka7 38. Qf4 gxf5 39.
Qxf5 Qg6+ 40. Qxg6 hxg6 41. Kf1 Kb6 42. Bd2 Bf6 43. Ke2 Kc6 44. Kd3 b6 45. Bc1
b5 46. cxb5+ Kxb5 47. c3 a5 48. Bb2 a4 49. c4+ Kb4 50. Bxf6 Kb3 51. h4 a3 52.
Be5 a2 53. Bc3 Ka4 54. Kc2 Ka3 55. Ba1 Kb4 56. Kb2 Kxc4 57. Kxa2 Kd5 58. Bf6 c4
59. Kb2 Ke6 60. Bg5 Kd5 61. Kc3 1-0

[Event "SK Ochtrup 1 - SC Gronau 2"]
[Site "Verbandsklasse 2021/2022"]
[Date "2021.11.06"]
[Round "2.6"]
[White "Jacob, Barbara"]
[Black "Roevekamp, Wolfgang"]
[Result "1/2-1/2"]
[WhiteElo "1629"]
[BlackElo "1413"]
[PlyCount "40"]
[EventDate "2021.??.??"]
[SourceTitle "Verband Muensterland"]
[SourceDate "2021.09.29"]
[SourceVersion "1"]
[SourceVersionDate "2021.09.29"]
[SourceQuality "1"]
[WhiteTeam "SK Ochtrup 1"]
[BlackTeam "SC Gronau 2"]

1. b3 e5 2. Bb2 d5 3. d3 Nf6 4. Nd2 Nc6 5. h3 Bc5 6. e3 O-O 7. g3 Re8 8. Bg2
Qd6 9. Ne2 a6 10. O-O b5 11. a3 Bb7 12. Nf3 Rad8 13. Nxe5 Nxe5 14. d4 Bxd4 15.
Nxd4 c5 16. Nf3 d4 17. exd4 Nxf3+ 18. Bxf3 Bxf3 19. Qxf3 cxd4 20. Rad1 Qc5
1/2-1/2

[Event "SK Ochtrup 1 - SC Gronau 2"]
[Site "Verbandsklasse 2021/2022"]
[Date "2021.11.06"]
[Round "2.7"]
[White "Gerdes, Joachim"]
[Black "Kaiser, Guenter"]
[Result "1/2-1/2"]
[WhiteElo "1301"]
[BlackElo "1642"]
[PlyCount "95"]
[EventDate "2021.??.??"]
[SourceTitle "Verband Muensterland"]
[SourceDate "2021.09.29"]
[SourceVersion "1"]
[SourceVersionDate "2021.09.29"]
[SourceQuality "1"]
[WhiteTeam "SC Gronau 2"]
[BlackTeam "SK Ochtrup 1"]

1. e4 c5 2. Nf3 d6 3. d4 cxd4 4. Nxd4 Nf6 5. Nc3 a6 6. a4 e6 7. Be2 Be7 8. O-O
O-O 9. Be3 Nbd7 10. Nb3 Qc7 11. Qd2 b6 12. f3 Bb7 13. Rfc1 d5 14. exd5 Nxd5 15.
Nxd5 Bxd5 16. c4 Bb7 17. a5 Rfd8 18. Qe1 bxa5 19. Nxa5 Nc5 20. Nxb7 Qxb7 21.
Rab1 Nd3 22. Bxd3 Rxd3 23. Qe2 Rad8 24. Kf1 Qc7 25. g3 Qe5 26. Bb6 Qxe2+ 27.
Kxe2 Rd2+ 28. Kf1 R8d3 29. f4 Bb4 30. Kg1 Rd6 31. Be3 R2d3 32. Bf2 Rc6 33. b3
Kf8 34. Rd1 Rxd1+ 35. Rxd1 Ke7 36. Kg2 Rd6 37. Rxd6 Kxd6 38. Kf3 f5 39. Bd4 g6
40. Ke2 Kc6 41. Kd3 Be7 42. Ke3 g5 43. Be5 g4 44. Bd4 h5 45. Be5 Bc5+ 46. Bd4
Be7 47. Be5 Bc5+ 48. Bd4 1/2-1/2

[Event "SK Ochtrup 1 - SC Gronau 2"]
[Site "Verbandsklasse 2021/2022"]
[Date "2021.11.06"]
[Round "2.8"]
[White "Leseberg, Detlef"]
[Black "Schwabenland, Arthur"]
[Result "1-0"]
[WhiteElo "1247"]
[BlackElo "1246"]
[PlyCount "73"]
[EventDate "2021.??.??"]
[SourceTitle "Verband Muensterland"]
[SourceDate "2021.09.29"]
[SourceVersion "1"]
[SourceVersionDate "2021.09.29"]
[SourceQuality "1"]
[WhiteTeam "SK Ochtrup 1"]
[BlackTeam "SC Gronau 2"]

1. c4 c5 2. Nf3 g6 3. Nc3 Bg7 4. e3 Nc6 5. Be2 e6 6. Nb5 Bf8 7. b3 a6 8. Bb2 f6
9. Na3 Bd6 10. Nc2 Qc7 11. d4 Qa5+ 12. Nd2 Qc7 13. dxc5 Bxc5 14. Ne4 Be7 15.
Bc3 b6 16. Qd2 Bb7 17. f3 O-O-O 18. O-O-O a5 19. Nd6+ Bxd6 20. Qxd6 Qxd6 21.
Rxd6 Kc7 22. Rhd1 Nce7 23. Nd4 Bc6 24. Nxe6+ dxe6 25. Rxd8 e5 26. g3 h6 27. f4
e4 28. Bg4 h5 29. Be6 Rh7 30. Bxg8 Rh8 31. Bxf6 Rxg8 32. Bxe7 Rg7 33. Bf6 Rd7
34. R8xd7+ Bxd7 35. Be5+ Kc6 36. Rd6+ Kc7 37. Rxg6+ 1-0

[Event "SC Hiltrup 1 - Indische Dame Münster 1"]
[Site "Verbandsklasse 2021/2022"]
[Date "2021.11.06"]
[Round "2.2"]
[White "Voigt, Stefan"]
[Black "Tenberge, Norbert"]
[Result "1/2-1/2"]
[WhiteElo "1785"]
[BlackElo "1792"]
[PlyCount "65"]
[EventDate "2021.??.??"]
[SourceTitle "Verband Muensterland"]
[SourceDate "2021.09.29"]
[SourceVersion "1"]
[SourceVersionDate "2021.09.29"]
[SourceQuality "1"]
[WhiteTeam "SC Hiltrup 1"]
[BlackTeam "Indische Dame Münster 1"]

1. e4 d6 2. d4 Nf6 3. Nc3 c6 4. f4 Qc7 5. Nf3 Bg4 6. Be2 Nbd7 7. e5 Nd5 8. Nxd5
cxd5 9. h3 Bxf3 10. Bxf3 e6 11. O-O Be7 12. c3 O-O 13. Bg4 f5 14. exf6 Rxf6 15.
Qe2 e5 16. fxe5 dxe5 17. Rxf6 Bxf6 18. Bxd7 Qxd7 19. dxe5 Re8 20. Bf4 Qf5 21.
Qb5 Rf8 22. Qxd5+ Kh8 23. Qd4 Bd8 24. Be3 Bc7 25. Rd1 Bxe5 26. Qd3 Qf6 27. Bd4
Qf4 28. Bxe5 Qxe5 29. Qd4 Qe2 30. Qd2 Qe6 31. b3 h6 32. c4 b6 33. Qd4 1/2-1/2

[Event "SC Hiltrup 1 - Indische Dame Münster 1"]
[Site "Verbandsklasse 2021/2022"]
[Date "2021.11.06"]
[Round "2.4"]
[White "Haves, Daniel"]
[Black "Wichmann, Norbert"]
[Result "1/2-1/2"]
[WhiteElo "1645"]
[BlackElo "1757"]
[PlyCount "117"]
[EventDate "2021.??.??"]
[SourceTitle "Verband Muensterland"]
[SourceDate "2021.09.29"]
[SourceVersion "1"]
[SourceVersionDate "2021.09.29"]
[SourceQuality "1"]
[WhiteTeam "SC Hiltrup 1"]
[BlackTeam "Indische Dame Münster 1"]

1. f4 Nf6 2. Nf3 g6 3. e3 Bg7 4. Be2 O-O 5. d3 Nc6 6. O-O d5 7. c3 Bf5 8. Nbd2
Ng4 9. Nb3 e5 10. h3 Nh6 11. d4 exf4 12. exf4 b6 13. Ne5 Nxe5 14. fxe5 Be4 15.
Nd2 Bf5 16. Nf3 Kh8 17. Bf4 Ng8 18. Bd3 Bd7 19. Qe2 Bh6 20. Bxh6 Nxh6 21. Rad1
Be6 22. Qd2 Kg7 23. Ng5 Qe7 24. Rf2 Ng8 25. Rdf1 h6 26. Nxe6+ fxe6 27. Qc2 Rxf2
28. Rxf2 Qg5 29. Qe2 Rf8 30. Rxf8 Kxf8 31. Qf2+ Kg7 32. Kh2 Qe7 33. Qg3 Qf7 34.
h4 Ne7 35. Qe3 Nf5 36. Bxf5 Qxf5 37. g3 g5 38. b3 Kg6 39. hxg5 hxg5 40. Kg2
Qc2+ 41. Kf1 Qd1+ 42. Kf2 Qg4 43. Qd3+ Kh6 44. Qf3 Qf5 45. g4 Qxf3+ 46. Kxf3
Kg7 47. Ke3 Kf7 48. Kd3 Ke7 49. a4 Kd7 50. b4 Kc6 51. b5+ Kb7 52. c4 c6 53. Kc3
a6 54. cxd5 cxd5 55. bxa6+ Kxa6 56. Kb4 Ka7 57. Kb5 Kb7 58. a5 bxa5 59. Kxa5
1/2-1/2

[Event "SC Hiltrup 1 - Indische Dame Münster 1"]
[Site "Verbandsklasse 2021/2022"]
[Date "2021.11.06"]
[Round "2.5"]
[White "Ter Veen, Michael"]
[Black "Vera, Antonio"]
[Result "1/2-1/2"]
[WhiteElo "1613"]
[BlackElo "1669"]
[PlyCount "34"]
[EventDate "2021.??.??"]
[SourceTitle "Verband Muensterland"]
[SourceDate "2021.09.29"]
[SourceVersion "1"]
[SourceVersionDate "2021.09.29"]
[SourceQuality "1"]
[WhiteTeam "Indische Dame Münster 1"]
[BlackTeam "SC Hiltrup 1"]

1. c4 c5 2. Nc3 Nc6 3. g3 g6 4. Bg2 Bg7 5. e3 Nf6 6. Nge2 O-O 7. d4 cxd4 8.
exd4 d6 9. O-O a6 10. h3 Rb8 11. Be3 e6 12. Kh2 Ne7 13. Qd2 d5 14. Bf4 Ra8 15.
c5 Bd7 16. Bd6 Ne8 17. Bf4 Nf6 1/2-1/2

[Event "SC Hiltrup 1 - Indische Dame Münster 1"]
[Site "Verbandsklasse 2021/2022"]
[Date "2021.11.06"]
[Round "2.6"]
[White "May, Peter"]
[Black "Blume, Heidrun"]
[Result "1-0"]
[WhiteElo "1598"]
[BlackElo "1603"]
[PlyCount "89"]
[EventDate "2021.??.??"]
[SourceTitle "Verband Muensterland"]
[SourceDate "2021.09.29"]
[SourceVersion "1"]
[SourceVersionDate "2021.09.29"]
[SourceQuality "1"]
[WhiteTeam "SC Hiltrup 1"]
[BlackTeam "Indische Dame Münster 1"]

1. e4 d5 2. exd5 Qxd5 3. Nc3 Qa5 4. Nf3 Bg4 5. Be2 Nf6 6. d3 Nc6 7. O-O O-O-O
8. Be3 h6 9. a3 e6 10. h3 Bxf3 11. Bxf3 Ne5 12. Qe2 Nxf3+ 13. Qxf3 Bd6 14. Ne4
Nxe4 15. Qxe4 Qe5 16. Qxe5 Bxe5 17. Rab1 Rhe8 18. a4 Rd5 19. Rfd1 Red8 20. Kf1
c5 21. Ke2 b6 22. a5 Bc7 23. axb6 axb6 24. b4 f5 25. c4 R5d7 26. bxc5 bxc5 27.
Bxc5 e5 28. Rb5 e4 29. d4 Bd6 30. Ra1 Bxc5 31. Ra8+ Kc7 32. Rxc5+ Kd6 33. Rxd8
Rxd8 34. Rd5+ Ke7 35. Rxd8 Kxd8 36. d5 Kd7 37. c5 f4 38. g3 g5 39. gxf4 gxf4
40. Kd2 h5 41. Kc3 h4 42. Kd4 e3 43. Kd3 exf2 44. Ke2 f1=Q+ 45. Kxf1 1-0

[Event "SC Hiltrup 1 - Indische Dame Münster 1"]
[Site "Verbandsklasse 2021/2022"]
[Date "2021.11.06"]
[Round "2.7"]
[White "Ennen, Joerg"]
[Black "Jeromin, Rudolf Gustav"]
[Result "1-0"]
[WhiteElo "1585"]
[BlackElo "1585"]
[PlyCount "41"]
[EventDate "2021.??.??"]
[SourceTitle "Verband Muensterland"]
[SourceDate "2021.09.29"]
[SourceVersion "1"]
[SourceVersionDate "2021.09.29"]
[SourceQuality "1"]
[WhiteTeam "Indische Dame Münster 1"]
[BlackTeam "SC Hiltrup 1"]

1. c4 e6 2. Nc3 Nf6 3. d4 d5 4. Bg5 Be7 5. e3 O-O 6. Nf3 Nbd7 7. Bd3 b6 8. O-O
Bb7 9. Qe2 h6 10. Bh4 Ne4 11. Bxe7 Qxe7 12. Rac1 c5 13. cxd5 exd5 14. Rfd1 cxd4
15. exd4 Rfe8 16. Nb5 Rec8 17. Nc7 Rab8 18. Ba6 Bxa6 19. Qxa6 Ndf6 20. Nxd5 Qd7
21. Ne7+ 1-0

[Event "SC Hiltrup 1 - Indische Dame Münster 1"]
[Site "Verbandsklasse 2021/2022"]
[Date "2021.11.06"]
[Round "2.8"]
[White "Voigt, Harmut"]
[Black "Bexten, Alwin"]
[Result "1-0"]
[WhiteElo "1545"]
[BlackElo "1572"]
[PlyCount "95"]
[EventDate "2021.??.??"]
[SourceTitle "Verband Muensterland"]
[SourceDate "2021.09.29"]
[SourceVersion "1"]
[SourceVersionDate "2021.09.29"]
[SourceQuality "1"]
[WhiteTeam "SC Hiltrup 1"]
[BlackTeam "Indische Dame Münster 1"]

1. e4 e6 2. Nc3 d5 3. d4 dxe4 4. Nxe4 Nd7 5. g3 Ngf6 6. Qd3 c5 7. Be3 Nxe4 8.
Qxe4 Nf6 9. Qf3 Qb6 10. O-O-O Bd7 11. Qe2 Bc6 12. Nf3 Rc8 13. Bg2 Bb5 14. Qe1
c4 15. d5 Bc5 16. Bd4 Bxd4 17. Nxd4 Rd8 18. Nxb5 Qxb5 19. d6 O-O 20. h4 Qa6 21.
Qb4 Rd7 22. a4 Rfd8 23. Rd4 Rxd6 24. Bxb7 Qb6 25. Qxb6 axb6 26. Rxc4 Kf8 27. h5
Nd5 28. Ba6 e5 29. Bb5 f5 30. Rc6 Ke7 31. Rd1 Nb4 32. Rc7+ Kf6 33. Rxd6+ Rxd6
34. Bc4 Rc6 35. Rxc6+ Nxc6 36. c3 e4 37. b4 Ne5 38. Be2 Ke6 39. a5 bxa5 40.
bxa5 Kd6 41. a6 Kc6 42. Kd2 Nd7 43. Ke3 g5 44. hxg6 hxg6 45. Kf4 Nf8 46. c4 Kb6
47. c5+ Ka7 48. Bc4 1-0

[Event "SV Heiden 2 - SC Rochade Emsdetten 3"]
[Site "Verbandsklasse 2021/2022"]
[Date "2021.11.06"]
[Round "2.1"]
[White "Siebald, Joerg"]
[Black "Schulze Forsthoevel, Manfred"]
[Result "1-0"]
[WhiteElo "1725"]
[BlackElo "1502"]
[PlyCount "135"]
[EventDate "2021.??.??"]
[SourceTitle "Verband Muensterland"]
[SourceDate "2021.09.29"]
[SourceVersion "1"]
[SourceVersionDate "2021.09.29"]
[SourceQuality "1"]
[WhiteTeam "SC Rochade Emsdetten 3"]
[BlackTeam "SV Heiden 2"]

1. e4 d5 2. exd5 Qxd5 3. Nc3 Qe5+ 4. Qe2 Qxe2+ 5. Bxe2 a6 6. Bf3 Nf6 7. Nge2 e5
8. d4 Nbd7 9. O-O Bd6 10. Re1 O-O 11. Be3 Rb8 12. Ng3 exd4 13. Bxd4 c5 14. Be3
Ne5 15. Be2 Neg4 16. Bd2 b5 17. a3 c4 18. h3 Bxg3 19. fxg3 Ne5 20. Bf4 Re8 21.
Bxc4 bxc4 22. Bxe5 Rxb2 23. Bxf6 Re6 24. Rxe6 Bxe6 25. Bd4 Rxc2 26. Ra2 Rc1+
27. Kf2 Bf5 28. Re2 h5 29. Re8+ Kh7 30. Re7 Kg6 31. Re1 Rc2+ 32. Re2 Rc1 33.
Ne4 Bd7 34. Ke3 Bb5 35. Nc3 Bc6 36. Kd2 Rf1 37. Rf2 Rh1 38. Nd1 Rh2 39. Ne3 Be4
40. Rf1 f5 41. Ke1 Bxg2 42. Rf2 Rh1+ 43. Nf1 Bxf1 44. Rxf1 Rxh3 45. Rg1 Kh6 46.
Kf2 Rh2+ 47. Kf3 g5 48. Re1 h4 49. Re6+ Kh7 50. Rxa6 h3 51. g4 Rd2 52. Ra7+ Kg8
53. Ra8+ Kf7 54. Be3 h2 55. Rh8 fxg4+ 56. Kxg4 Rd3 57. Bc5 Rd2 58. Bb4 Ra2 59.
Kxg5 Ke6 60. Kf4 Kd5 61. Rh5+ Kd4 62. Bc5+ Kd3 63. Rh3+ Kc2 64. Rxh2+ Kb3 65.
Rxa2 Kxa2 66. a4 c3 67. Be3 Kb3 68. a5 1-0

[Event "SV Heiden 2 - SC Rochade Emsdetten 3"]
[Site "Verbandsklasse 2021/2022"]
[Date "2021.11.06"]
[Round "2.2"]
[White "Dolle, Stephan"]
[Black "Lehmann, Mona"]
[Result "1-0"]
[WhiteElo "1778"]
[BlackElo "1900"]
[PlyCount "83"]
[EventDate "2021.??.??"]
[SourceTitle "Verband Muensterland"]
[SourceDate "2021.09.29"]
[SourceVersion "1"]
[SourceVersionDate "2021.09.29"]
[SourceQuality "1"]
[WhiteTeam "SV Heiden 2"]
[BlackTeam "SC Rochade Emsdetten 3"]

1. d4 Nf6 2. c4 g6 3. Nc3 d5 4. cxd5 Nxd5 5. e4 Nxc3 6. bxc3 Bg7 7. Be3 c5 8.
Bc4 O-O 9. Ne2 cxd4 10. cxd4 Nc6 11. O-O Bg4 12. f3 Bd7 13. Qd2 Na5 14. Bd3 a6
15. Rac1 Bb5 16. Rfd1 Bxd3 17. Qxd3 b5 18. a4 Nc4 19. Rc2 Qa5 20. axb5 axb5 21.
Bf2 Rfc8 22. Be1 Qd8 23. Bb4 Bh6 24. f4 Qc7 25. g3 Qd7 26. Bc5 e5 27. Nc3 exf4
28. Nd5 Kh8 29. gxf4 Rxc5 30. dxc5 Ra3 31. Qd4+ Bg7 32. e5 Qg4+ 33. Rg2 Qf3 34.
Rg3 Qe2 35. Rxa3 Nxa3 36. Qd3 Qg4+ 37. Kh1 Bf8 38. c6 Nc4 39. c7 Qd7 40. Qd4
Qc6 41. Qe4 Bc5 42. Nf6 1-0

[Event "SV Heiden 2 - SC Rochade Emsdetten 3"]
[Site "Verbandsklasse 2021/2022"]
[Date "2021.11.06"]
[Round "2.3"]
[White "Nordholt, Uwe"]
[Black "Wichert, Michael"]
[Result "1/2-1/2"]
[WhiteElo "1854"]
[BlackElo "1714"]
[PlyCount "83"]
[EventDate "2021.??.??"]
[SourceTitle "Verband Muensterland"]
[SourceDate "2021.09.29"]
[SourceVersion "1"]
[SourceVersionDate "2021.09.29"]
[SourceQuality "1"]
[WhiteTeam "SC Rochade Emsdetten 3"]
[BlackTeam "SV Heiden 2"]

1. d4 d5 2. c4 e6 3. Nf3 Nf6 4. Nc3 Be7 5. Bg5 c6 6. e3 Nbd7 7. Bd3 b6 8. O-O
O-O 9. Qc2 h6 10. Bxf6 Bxf6 11. e4 Bb7 12. cxd5 exd5 13. e5 Be7 14. Rfe1 c5 15.
e6 fxe6 16. Rxe6 Rf6 17. Qe2 Rxe6 18. Qxe6+ Kh8 19. Re1 Bf6 20. Qf7 cxd4 21.
Bb5 dxc3 22. bxc3 Qg8 23. Qxd7 Bc8 24. Qd6 Bf5 25. Ne5 Rd8 26. Qc7 Bxe5 27.
Rxe5 d4 28. Rxf5 d3 29. Bd7 d2 30. Qd6 Qe8 31. Qxd2 Rxd7 32. Rf8+ Qxf8 33. Qxd7
Qa3 34. Qe8+ Kh7 35. Qe4+ Kg8 36. Qc2 Qe7 37. g3 Kf8 38. a4 a6 39. Qb3 Qe1+ 40.
Kg2 Qe4+ 41. Kh3 Qf5+ 42. Kg2 1/2-1/2

[Event "SV Heiden 2 - SC Rochade Emsdetten 3"]
[Site "Verbandsklasse 2021/2022"]
[Date "2021.11.06"]
[Round "2.4"]
[White "Buchner, Ralf"]
[Black "Fuhrmann, Andreas"]
[Result "1/2-1/2"]
[WhiteElo "1662"]
[BlackElo "1661"]
[PlyCount "41"]
[EventDate "2021.??.??"]
[SourceTitle "Verband Muensterland"]
[SourceDate "2021.09.29"]
[SourceVersion "1"]
[SourceVersionDate "2021.09.29"]
[SourceQuality "1"]
[WhiteTeam "SV Heiden 2"]
[BlackTeam "SC Rochade Emsdetten 3"]

1. Nf3 d5 2. b4 Nf6 3. Bb2 Bf5 4. e3 Nbd7 5. d4 e6 6. a3 a5 7. bxa5 c5 8. dxc5
Bxc5 9. Bd3 Bxd3 10. cxd3 Qxa5+ 11. Nbd2 O-O 12. O-O Qa4 13. Nb3 Bd6 14. Nbd4
Rfc8 15. Qxa4 Rxa4 16. Nb5 Bf8 17. Rfc1 Rxc1+ 18. Rxc1 Ra5 19. Bxf6 gxf6 20.
Rb1 Bxa3 21. d4 1/2-1/2

[Event "SV Heiden 2 - SC Rochade Emsdetten 3"]
[Site "Verbandsklasse 2021/2022"]
[Date "2021.11.06"]
[Round "2.5"]
[White "Peters, Tobias"]
[Black "Wienen, Josef"]
[Result "1-0"]
[WhiteElo "1619"]
[BlackElo "1585"]
[PlyCount "49"]
[EventDate "2021.??.??"]
[SourceTitle "Verband Muensterland"]
[SourceDate "2021.09.29"]
[SourceVersion "1"]
[SourceVersionDate "2021.09.29"]
[SourceQuality "1"]
[WhiteTeam "SC Rochade Emsdetten 3"]
[BlackTeam "SV Heiden 2"]

1. e4 c5 2. d4 cxd4 3. c3 dxc3 4. Nxc3 Nc6 5. Nf3 d6 6. Bc4 e6 7. O-O Be7 8.
Qe2 a6 9. Rd1 b5 10. Bb3 e5 11. Be3 Nf6 12. Nd5 Nxd5 13. Bxd5 Bd7 14. Bxc6 Bxc6
15. Nxe5 Bxe4 16. Qg4 Bb7 17. Qxg7 Rf8 18. Qxh7 Bf6 19. f4 Qe7 20. Ng4 Bxb2 21.
Bf2 Be4 22. Qh6 Bxa1 23. Rxa1 f5 24. Bh4 Qc7 25. Qe6+ 1-0

[Event "SV Heiden 2 - SC Rochade Emsdetten 3"]
[Site "Verbandsklasse 2021/2022"]
[Date "2021.11.06"]
[Round "2.6"]
[White "Spoeler, Gerd"]
[Black "Borgmann, Simon"]
[Result "1/2-1/2"]
[WhiteElo "1646"]
[BlackElo "1602"]
[PlyCount "47"]
[EventDate "2021.??.??"]
[SourceTitle "Verband Muensterland"]
[SourceDate "2021.09.29"]
[SourceVersion "1"]
[SourceVersionDate "2021.09.29"]
[SourceQuality "1"]
[WhiteTeam "SV Heiden 2"]
[BlackTeam "SC Rochade Emsdetten 3"]

1. d4 d5 2. c4 e6 3. Nc3 Nf6 4. Bg5 Be7 5. e3 b6 6. Nf3 Bb7 7. Be2 Nbd7 8. O-O
O-O 9. Qc2 a6 10. b3 c5 11. Rad1 Ne4 12. Bxe7 Qxe7 13. cxd5 Nxc3 14. Qxc3 Bxd5
15. Nd2 f5 16. Bf3 Nf6 17. dxc5 Bxf3 18. Nxf3 Ne4 19. Qe5 Nxc5 20. Rd6 Rfe8 21.
Rfd1 Rad8 22. Rxd8 Rxd8 23. Rxd8+ Qxd8 24. Qd4 1/2-1/2